| 000 | 00632nam a2200193 a 4500 | ||
|---|---|---|---|
| 001 | 1386 | ||
| 003 | CDMR | ||
| 005 | 20131112104804.0 | ||
| 008 | 130130s2003||||||||||||||||||||||||||||d | ||
| 040 |
_aCDMR _bcat _cCDMR |
||
| 100 | 1 |
_aViolan, Miquel Àngel _91067 |
|
| 245 | 1 | 0 |
_aGuia de la comunicació firal _b: consells per promoure amb èxit les fires als mitjans de comunicació _cMiquel Àngel Violan |
| 250 | _a2a ed. | ||
| 260 |
_c2003 _bFederació de Fires de Catalunya |
||
| 650 | 0 | 4 |
_92775 _aRelacions públiques |
| 650 | 0 | 4 |
_93396 _aMàrqueting |
| 650 | 0 | 4 |
_94330 _aMitjans de comunicació de massa i empreses |
| 942 |
_cMON _2udc |
||
| 999 |
_c1386 _d1386 |
||